000 00598nam a2200181Ia 4500
008 151202s9999||||xx |||||||||||||| ||und||
082 _bPNVM-38487
100 _aबापट वामन.
245 _aमाझे सार्वजनिक जिवन.
260 _bग्रंथघर मुंबई.
260 _c1989
300 _a186
600 _aबापट वामन.
630 _aमाझे सार्वजनिक जिवन.
700 _aबापट वामन.
730 _aमाझे सार्वजनिक जिवन.
942 _cBOOK
999 _c1304439
_d1304436